Statistics for Countries From Largest To Smallest Starting With P

Click here to take the quiz!

General Stats

  • This quiz has been taken 83 times
  • The average score is 7 of 9

Answer Stats

SizeCountry% Correct
1,280,000 sq. kmPeru
93%
770,880 sq. kmPakistan
89%
460 sq. kmPalau
87%
74,340 sq. kmPanama
87%
306,320 sq. kmPoland
85%
298,170 sq. kmPhilippines
82%
91,590 sq. kmPortugal
77%
397,300 sq. kmParaguay
72%
452,860 sq. kmPapua New Guinea
69%

Score Distribution

Percentile by Number Answered

Percent of People with Each Score

Your Score History

You have not taken this quiz